| 000 | 00502nam a2200157Ia 4500 | ||
|---|---|---|---|
| 003 | GCL | ||
| 008 | 140319s9999 xx 000 0 ara d | ||
| 040 |
_aGCL / _cGCL |
||
| 082 | 0 | 4 |
_aق _b808.51 _bم ر |
| 245 | 1 | 0 | _aرسائل تاريخية من مصطفى كامل الى فؤاد سليم الحجازى |
| 490 |
_aكتاب _v0 |
||
| 650 | 0 | 4 | _aمصطفى كامل |
| 650 | 0 | 4 | _aالخطب والرسائل |
| 650 | 0 | 4 | _aمصر - تاريخ - العصر الحديث (1805 - 1956 ) |
| 942 |
_2ddc _cBK |
||
| 999 |
_c43083 _d43083 |
||